000 00415nam a22001697a 4500
005 20260401132215.0
008 160527b xxu||||| |||| 00| 0 eng d
020 _a0-07-058272-6
041 _aeng
082 _b658.314
100 _aBacal Robert
_91347
245 _aManager’s Guide to Performance Reviews
260 _aNew Delhi
_bAcademic Faundation
300 _a217
650 _aManagement
942 _cBK
999 _c1976
_d1975